000 00320nam a2200121Ia 4500
008 240731s9999 xx 000 0 und d
022 _a1754-2111
245 0 _aInternational Journal of Crashworthiness
260 _bTaylor & Francis
856 _uhttps://www.tandfonline.com/loi/tcrs20
942 _2ddc
942 _cTFEJ
999 _c77078
_d77078
945 _a1
_bMadushi Gamage
_c1
_dMadushi Gamage